Statistics for Religion in Uruguay

Click here to take the quiz!

General Stats

  • This quiz has been taken 34 times
  • The average score is 3 of 4

Answer Stats

PercentReligion% Correct
42%Catholic
100%
37%None
85%
15%Protestant
85%
6%Other (Religions)
71%

Score Distribution

Percentile by Number Answered

Percent of People with Each Score

Your Score History

You have not taken this quiz